Raja rimba yang tamak

Bibliographic Details
Format: Book
Published: Selangor : Early Learner Publications , 2005
Series:Siri cerita moral belantara
Subjects:

MARC

LEADER 00000cam a2200000 7i4500
001 0000007054
005 20151222.0
008 070828
020 |a 9833324746 
090 0 0 |a JF   |b MOR J (6904) 
245 0 0 |a Raja rimba yang tamak 
260 |a Selangor :   |b Early Learner Publications ,   |c 2005 
440 |a Siri cerita moral belantara 
500 |a Children ages 7-9 years old (orange) 
650 0 |a Jawi 
650 0 |a Moral stories 
999 |a 0000988370   |b Book   |c Children Collection   |e Cawangan Bandar Penawar 
999 |a 0000988371   |b Book   |c Children Collection   |e Cawangan Mersing 
999 |a 0000988372   |b Book   |c Children Collection   |e Perbadanan Perpustakaan Awam Johor 
999 |a 0000988373   |b Book   |c Children Collection   |e Perbadanan Perpustakaan Awam Johor 
999 |a 0001145260   |b Book   |c Children Collection   |e Cawangan Taman Universiti